000 00517nam a2200157 a 4500
001 000030752
005 20200930062505.0
008 110527s2006 dr ac 000 0 spa d
040 _aDO-SdBNP
_bspa
_cBNPHU
082 _axxxx
_bR426p
110 1 _aRepública Dominicana.
_bPoder Judicial
_bSuprema Corte de Justicia
_955712
245 1 0 _aPrinicipales informaciones del Poder Judicial Dominicano.
260 _a[Santo Domingo :
_bSuprema Corte de Justicia,
_c2006.].
300 _a39 p. :
_bil. ;
_c28 cm.
049 _aBNPD
999 _c30244
_d30244